Mots Fléchés - Spécial "Pâques" - Statistiques

Statistiques générales
  • Ce quiz a été pris 806 fois
  • Le résultat moyen est 9 sur 10
Statistiques - réponses
Émojis Mots associés % Correct
Chocolat
100%
Cloche
100%
Lapin
100%
Œuf
99%
Poule
99%
Panier
98%
Poussin
98%
Nid
96%
Jardin
84%
Printemps
54%
Aucun quiz correspondant
Distribution des résultats
% des personnes avec chaque résultat
Percentile par nombre de réponses
Votre historique - résultats
Vous n’avez pas pris ce quiz